<?xml version="1.0" encoding="UTF-8"?>
<record
    xmlns:xsi="http://www.w3.org/2001/XMLSchema-instance"
    xsi:schemaLocation="http://www.loc.gov/MARC21/slim http://www.loc.gov/standards/marcxml/schema/MARC21slim.xsd"
    xmlns="http://www.loc.gov/MARC21/slim">

  <leader>02491nam a22001697a 4500</leader>
  <controlfield tag="003">OSt</controlfield>
  <controlfield tag="005">20260429090057.0</controlfield>
  <controlfield tag="008">260429b        |||||||| |||| 00| 0 SPA d</controlfield>
  <datafield tag="100" ind1=" " ind2=" ">
    <subfield code="a">NA</subfield>
  </datafield>
  <datafield tag="245" ind1=" " ind2=" ">
    <subfield code="a">El Se&#xF1;or de los anillos </subfield>
    <subfield code="b">juego de tronos </subfield>
  </datafield>
  <datafield tag="250" ind1=" " ind2=" ">
    <subfield code="a">1ra</subfield>
  </datafield>
  <datafield tag="260" ind1=" " ind2=" ">
    <subfield code="a">QUITO - ECUADOR </subfield>
    <subfield code="b">EDITORIAL TRIANA </subfield>
    <subfield code="c">XX</subfield>
  </datafield>
  <datafield tag="300" ind1=" " ind2=" ">
    <subfield code="a">96 pag </subfield>
  </datafield>
  <datafield tag="520" ind1=" " ind2=" ">
    <subfield code="a">
&#xBF;Hasta qu&#xE9; punto debe llegar la fantas&#xED;a o imaginaci&#xF3;n del escritor? La fantas&#xED;a, debe mezclarse tan sutilmente con la realidad, que debe parecernos una sola cosa: una fantas&#xED;a veros&#xED;mil. Si no, por qu&#xE9; millones de lectores leen todos los d&#xED;as Harry Potter. Es porque creen en esas fantas&#xED;as, o al menos entran en su mundo imaginario como que fueran historias veros&#xED;miles. Parece il&#xF3;gico pero es as&#xED;. &#xBF;Por qu&#xE9; creerle a aquel loco y empecinado Gabriel Garc&#xED;a M&#xE1;rquez que hace ascender a los cielos en cuerpo y alma a Remedios la bella, o que arrebata todo objeto met&#xE1;lico de las casas de Macondo ante el paso de un gigantesco im&#xE1;n por sus calles? Extraordinarias las fantas&#xED;as surgidas en la literatura. Nos dan ganas de creer en todas. Esa es la magia de la fantas&#xED;a. Crear o imaginar cosas y fen&#xF3;menos que a&#xFA;n no ocurren o que no pueden ocurrir jam&#xE1;s, pero fusionados con una realidad, como que la realidad fuera el agua con que tomamos la pastilla de la fantas&#xED;a. En definitiva, nos tragamos agua y pastilla.
 
Se afirma tambi&#xE9;n y con raz&#xF3;n que la fantas&#xED;a en la literatura es tan antigua como la misma literatura. Hasta se dice que naci&#xF3; con ella. Nos equivocar&#xED;amos si dij&#xE9;ramos que la literatura fant&#xE1;stica es de origen contempor&#xE1;neo. Veamos uno de los libros m&#xE1;s extraordinarios de la historia literaria, La Odisea, escrito ocho siglos antes de Cristo. Esta es una de las obras m&#xE1;s llenas de fantas&#xED;a de la literatura universal. La obra narra el retorno de Ulises y sus tropas desde la incendiada ciudad de Troya hasta su reino en &#xCD;taca. Debe atravesar los mares en medio de tormentas y aventuras y tras sortear muchos peligros orquestados por los enojados dioses. Se enfrenta a c&#xED;clopes devoradores de hombres, pasa por la isla de las sirenas, desciende a los infiernos, ve transformarse en cerdos a sus soldados, es hechizado por la ninfa Calipso y retenido por otra deidad, Circe. Dioses y hombres en constante confrontaci&#xF3;n. &#xBF;Se puede pedir m&#xE1;s fantas&#xED;a? Otra obra inmortal, La Divina Comedia, escrita en el Renacimiento</subfield>
  </datafield>
  <datafield tag="700" ind1=" " ind2=" ">
    <subfield code="a">Gabirel Garcia Marquez</subfield>
  </datafield>
  <datafield tag="942" ind1=" " ind2=" ">
    <subfield code="2">ddc</subfield>
    <subfield code="c">BKA</subfield>
    <subfield code="n">0</subfield>
  </datafield>
  <datafield tag="952" ind1=" " ind2=" ">
    <subfield code="0">0</subfield>
    <subfield code="1">0</subfield>
    <subfield code="2">ddc</subfield>
    <subfield code="4">0</subfield>
    <subfield code="7">0</subfield>
    <subfield code="8">F02</subfield>
    <subfield code="a">ISUS</subfield>
    <subfield code="b">ISUS</subfield>
    <subfield code="c">Biblioteca Abierta</subfield>
    <subfield code="d">2026-04-29</subfield>
    <subfield code="e">LECTURA</subfield>
    <subfield code="f">0501</subfield>
    <subfield code="i">0501</subfield>
    <subfield code="l">0</subfield>
    <subfield code="o">Literatura</subfield>
    <subfield code="p">BIBLIO0501</subfield>
    <subfield code="r">2026-04-29 09:01:49</subfield>
    <subfield code="t">1</subfield>
    <subfield code="w">2026-04-29</subfield>
    <subfield code="y">BKA</subfield>
  </datafield>
  <datafield tag="999" ind1=" " ind2=" ">
    <subfield code="c">2082</subfield>
    <subfield code="d">2082</subfield>
  </datafield>
</record>
